Modern reservoir flow and well transient analysis / (Record no. 546036)

000 -LEADER
fixed length control field 00584pam a2200169 a 4500
020 ## - INTERNATIONAL STANDARD BOOK NUMBER
International Standard Book Number 0884150852
082 00 - DEWEY DECIMAL CLASSIFICATION NUMBER
Classification number 622/.3382
Author Mark CHI
-- L-37, P-148
100 1# - MAIN ENTRY--PERSONAL NAME
Personal name Chin, Wilson C.
9 (RLIN) 42033
245 10 - TITLE STATEMENT
Title Modern reservoir flow and well transient analysis /
Statement of responsibility, etc. Wilson C. Chin.
260 ## - PUBLICATION, DISTRIBUTION, ETC.
Place of publication, distribution, etc. Houston :
Name of publisher, distributor, etc. Gulf Pub. Co.,
Date of publication, distribution, etc. c1993.
300 ## - PHYSICAL DESCRIPTION
Extent xiv, 384 p. :
Other physical details ill. ;
Dimensions 24 cm.
526 ## - STUDY PROGRAM INFORMATION NOTE
Program name 0
Interest level 0
Reading level 0
Title point value 622_338200000000000_CHI
650 #0 - SUBJECT ADDED ENTRY--TOPICAL TERM
Topical term or geographic name entry element MCE
9 (RLIN) 379
650 #0 - SUBJECT ADDED ENTRY--TOPICAL TERM
Topical term or geographic name entry element Oil reservoir engineering
General subdivision Mathematical models.
9 (RLIN) 42034
650 #0 - SUBJECT ADDED ENTRY--TOPICAL TERM
Topical term or geographic name entry element Wells
General subdivision Fluid dynamics
-- Mathematical models.
9 (RLIN) 42035
942 ## - ADDED ENTRY ELEMENTS (KOHA)
Source of classification or shelving scheme
Koha item type Book
Holdings
Withdrawn status Lost status Source of classification or shelving scheme Damaged status Not for loan Permanent Location Current Location Date acquired Total Checkouts Full call number Barcode Date last seen Price effective from Koha item type
          Military College of Engineering (MCE) Military College of Engineering (MCE) 06/02/2014   622/.3382 CHI MCE-28864 06/02/2014 06/02/2014 Book
© 2023 Central Library, National University of Sciences and Technology. All Rights Reserved.